00313nam a2200121Ia 4500008004100000041001200041100001400053245005400067260002900121300000800150650002200158700001100180221030s9999 xx 000 0 und d aEnglish aB. Mishra 0aMunicipal Taxation in Biharcby B. Mishra, Sharan bNew HeightsaDelhic1974 a155 aMuncipal Taxation aSharan